| 000 | 00632nam a2200265Ia 4500 | ||
|---|---|---|---|
| 005 | 20260121165849.0 | ||
| 008 | 008 260114s9999 xx 000 0 eng d | ||
| 020 | _a9789811002212 | ||
| 037 | _aEBOOK | ||
| 040 | _aCRL | ||
| 040 | _beng | ||
| 040 | _cCRL | ||
| 041 | _2eng | ||
| 041 | _aeng | ||
| 084 | _qCRL | ||
| 100 |
_aWeiying Zhang _91056975 |
||
| 245 | 4 | _aThe Origin of the Capitalist Firm | |
| 260 | _bSpringer | ||
| 260 | _bSpringer | ||
| 260 | _c2018 | ||
| 856 | _uhttps://link.springer.com/openurl?genre=book&isbn=978-981-10-0221-2 | ||
| 942 | _cEBOOK | ||
| 999 |
_c1622703 _d1622703 |
||